logo

Bir Sreshtho Munshi Abdur Rouf Library
Jhenaidah Cadet College

Drills and Practice in English Language / (Record no. 6139)

MARC details
000 -LEADER
fixed length control field 00622nam a2200229 a 4500
001 - CONTROL NUMBER
JCCL Control Number 6139
003 - CONTROL NUMBER IDENTIFIER
JCCL marc code BD-JhCC
005 - DATE AND TIME OF LATEST TRANSACTION
control field 20180114122830.0
008 - FIXED-LENGTH DATA ELEMENTS--GENERAL INFORMATION
fixed length control field 180114s19651966nr |||| || | 00| 0 eng d
035 ## - SYSTEM CONTROL NUMBER
system control number (BD-JhCC)6139
040 ## - CATALOGING SOURCE
Original cataloging agency BD-JhCC
Modifying agency BD-JhCC
041 ## - LANGUAGE CODE
Language code of Book eng
082 ## - DEWEY DECIMAL CLASSIFICATION NUMBER
Classification number 418.0071
Author mark and Year CAI 1966
100 ## - MAIN ENTRY--PERSONAL NAME
Personal name Cairns, John
245 ## - TITLE STATEMENT
Title Drills and Practice in English Language /
Statement of responsibility, etc John Cairns & John Munonye
250 ## - EDITION STATEMENT
Edition statement 2nd ed.
260 ## - PUBLICATION, DISTRIBUTION, ETC. (IMPRINT)
Place of publication, distribution, etc Lagos :
Name of publisher, distributor, etc African University Press,
Date of publication, distribution, etc 1966
300 ## - PHYSICAL DESCRIPTION
Pagination 54 p. :
Dimensions 24 cm.
650 ## - SUBJECT ADDED ENTRY--TOPICAL TERM
Topical term or geographic name as entry element English Language
Form subdivision Teaching and Practice
942 ## - ADDED ENTRY ELEMENTS (KOHA)
Source of classification or shelving scheme Dewey Decimal Classification
Koha item type Books
Holdings
Source of classification or shelving scheme Damaged status Not for loan Home library Current library Shelving location Total Checkouts Full call number Barcode Date last seen Copy number Koha item type
Dewey Decimal Classification     JCC Rouf Library JCC Rouf Library General Stacks   418.0071 CAI 1966 8074 01/14/2018 C - 1 Books

JCC Library | Contacts | JCC Home

Last Update on 23 September 2017
Copyright @ 2017-2020 JCC Rouf Library
Rouf Library, Jhenidah Cadet College (JCC), Bangladesh